00489nam a2200157Ia 4500008004100000040001900041041001200060082003000072100003500102245007100137260004900208300001700257440001600274650001900290850002200309131103s9999 xx 000 0 und d aLoreto College aEnglish a891.444/CHAbLCLIB/1 copy aChattapadhayay, Bankim Chandra aBankim Chandrer sahitya granthabalicBankim Chandra Chattapadhayay aCalcuttabsatish Chandra Mukhopadhayc[1900] aV.1 c 24cm. aGranthabali aBengali essays aLCLIB/891.444/CHA